000 01283 a2200229 4500
001 46391
005 20260407155735.0
008 260407a2018 arg spa d
003 AR-UNSa-BCEJYS
040 _aAR-UNSa-BCEJYS
_bspa
_cAR-UNSa-BCEJYS
080 _a546.3
_xMetales en general (Litio...)
245 1 0 _aLitio
_pel metal de los salares andinos
020 _a978-987-698-210-8
264 1 _aSalta :
_bMundo Gráfico Salta
_c2018
300 _a119 p.
_c22 cm.
505 _a1. El litio de la Puna y de los Andes Centrales – 2. ¿Qué es el litio? – 3. Litio: El sueño profético de Luciano Catalano – 4. Litio: Entre triángulos y eufemismos – 5. El bicentenario de del litio (1817-2017) – 6. Litio en roca – 7. Litio en arcillas – 8. Litio en salmueras – 9. Clasificación de las cuencas y salares – 10. Origen y evolución de los salares de la Puna Argentina – 11. LA Provincia Litífera Centroandina – 12. Los usos múltiples del litio – 13. Epílogo autobiográfico sobre la temática del litio – 14. Bibliografía –
041 _aspa
942 _cBK
590 _aniveau_biblio:m niveau_hierar:0
100 1 _aAlonso, Ricardo N.
856 4 1 _uhttps://www.biblioeco.unsa.edu.ar/pmb/images/libros/L127346.jpg
_yImagen de portada
_qimage/jpeg
999 _c4194
_d4194